The Best Cities In Oceania - Statistics

General Stats
  • This quiz has been taken 47 times
  • The average score is 4 of 5
Answer Stats
Score City % Correct
83.47 Melbourne
98%
85.25 Sydney
98%
80.17 Auckland
95%
79.21 Wellington
93%
82.85 Queenstown
11%
No matching quizzes found
Score Distribution
Percent of People with Each Score
Percentile by Number Answered
Your Score History
You have not taken this quiz